[Event "Dieren op"]
[Site "Dieren"]
[Date "2013.07.26"]
[Round "4"]
[White "Kollen, Zyon"]
[Black "Majhi, Ankit"]
[Result "1-0"]
[WhiteElo "2209"]
[BlackElo "2069"]
[PlyCount "107"]
[EventDate "2013.07.23"]
[EventType "swiss"]
[EventRounds "9"]
[EventCountry "NED"]
[SourceTitle "EXT 2015"]
[Source "ChessBase"]
[SourceDate "2014.11.20"]
[SourceVersion "1"]
[SourceVersionDate "2014.11.20"]
[SourceQuality "1"]

1. e4 e5 2. Nf3 Nc6 3. Bb5 a6 4. Ba4 Nf6 5. 0-0 Be7 6. Re1 b5 7. Bb3 0-0 8. h3 Bb7 9. d3 h6 10. Nbd2 Re8 11. c3 Bf8 12. d4 d6 13. Bc2 exd4 14. cxd4 Nb4 15. Bb1 c5 16. a3 Nc6 17. d5 Ne5 18. Nxe5 dxe5 19. b3 g6 20. Bd3 Bg7 21. a4 Qb6 22. Nf1 Re7 23. axb5 axb5 24. Rxa8+ Bxa8 25. Be3 Rc7 26. b4 Bf8 27. Qa1 Bxd5 28. exd5 Nxd5 29. Bxc5 Bxc5 30. bxc5 Qxc5 31. Rxe5 Kh7 32. Qa2 Rd7 33. Be4 Nc3 34. Rxc5 Nxa2 35. Rxb5 Nc3 36. Rb7 Ne2+ 37. Kh2 Rxb7 38. Bxb7 f5 39. Ba6 Nd4 40. Bd3 Kg7 41. Kg3 Kf6 42. Kf4 g5+ 43. Ke3 Ke5 44. Nh2 Nb3 45. Nf3+ Kf6 46. Bc2 Na5 47. Kd4 Nc6+ 48. Kc5 Ne7 49. Nd4 h5 50. Kd6 g4 51. h4 f4 52. Ne2 Nf5+ 53. Bxf5 Kxf5 54. f3 1-0

[Event "Dieren op"]
[Site "Dieren"]
[Date "2013.07.23"]
[Round "1"]
[White "Majhi, Ankit"]
[Black "Wempe, Joost"]
[Result "0-1"]
[WhiteElo "2069"]
[BlackElo "2271"]
[PlyCount "66"]
[EventDate "2013.07.23"]
[EventType "swiss"]
[EventRounds "9"]
[EventCountry "NED"]
[SourceTitle "EXT 2015"]
[Source "ChessBase"]
[SourceDate "2014.11.20"]
[SourceVersion "1"]
[SourceVersionDate "2014.11.20"]
[SourceQuality "1"]

1. e4 e6 2. d4 d5 3. Nc3 Nf6 4. Bg5 Bb4 5. e5 h6 6. Be3 Ne4 7. Qg4 g6 8. Bd3 h5 9. Qf3 Nxc3 10. Bd2 Nxa2 11. c3 Nxc3 12. bxc3 Be7 13. Ne2 c5 14. g4 Nc6 15. Rg1 hxg4 16. Rxg4 Rh4 17. Nf4 cxd4 18. Rxg6 fxg6 19. Bxg6+ Kd7 20. Nxe6 Re4+ 21. Bxe4 dxe4 22. Qf7 Nxe5 23. Qf5 Nd3+ 24. Kf1 Kd6 25. Qxe4 Bxe6 26. Qxd3 Kc7 27. cxd4 Qd5 28. Bf4+ Kd7 29. Rc1 Rc8 30. Rxc8 Kxc8 31. Qh7 Kd7 32. Be5 Qf3 33. Qc2 Bh3+ 0-1